| 000 | 00669nam a2200181Ia 4500 | ||
|---|---|---|---|
| 008 | 090123s9999 xx 000 0 und d | ||
| 082 | _b9421 | ||
| 100 | _aगोखले वा.वा. | ||
| 245 | _aशेअर बाजार तंत्र आणि मंत्र | ||
| 250 | _a1 | ||
| 260 |
_bइनामदार बंधु प्रकाशन _c1984 |
||
| 300 | _a124 | ||
| 600 | _aगोखले वा.वा. | ||
| 630 | _aशेअर बाजार तंत्र आणि मंत्र | ||
| 700 | _aगोखले वा.वा. | ||
| 730 | _aशेअर बाजार तंत्र आणि मंत्र | ||
| 942 | _cBOOK | ||
| 999 |
_c47487 _d47487 |
||